Normal view
MARC view
- Roberts, T. J.
Entry Personal Name
001 - CONTROL NUMBER
- control field: 24620
003 - CONTROL NUMBER IDENTIFIER
- control field: NUST
005 - DATE AND TIME OF LATEST TRANSACTION
- control field: 20191023114639.0
008 - FIXED-LENGTH DATA ELEMENTS
- fixed length control field: 191023|| aca||aabn | a|a d
040 ## - CATALOGING SOURCE
- Original cataloging agency: NUST
- Transcribing agency: NUST
100 ## - HEADING--PERSONAL NAME
- Personal name: Roberts, T. J.
- Fuller form of name: (Tom J.)
670 ## - SOURCE DATA FOUND
- Source citation: Work cat.: (NUST)0: Roberts, T. J. (Tom J.), Field guide to the small mammals of Pakistan /, 2005.
